000
00368nam a2200133Ia 4500
008
151001s9999||||xx |||||||||||||| ||und||
100
_a
कर्तार सिंह दुग्गल
245
_a
कत्ततीसिंह दुग्गल
250
_a
1
260
_b
साक्षी
260
_c
2008
300
_a
160
365
_b
21
999
_c
989839
_d
989836